000 003520000a22001450004500
003 MACL
040 _aMACL
090 _c32554
_d32552
100 _aHara, Shelley O
245 _aThe Big Basics Book of Windows 95
260 _bPrentice Hall of India Private Ltd
_c1998
350 _a295
650 _aComputer Programming
942 _cBOOK
_k005.368/HAR
999 _c32221
_d32221